| 000 | 00735cam a22002418a 4500 | ||
|---|---|---|---|
| 001 | 15412077 | ||
| 005 | 20180308034656.0 | ||
| 008 | 080814s2009 maua b 001 0 eng | ||
| 010 | _a 2008036093 | ||
| 020 | _a9780073385150 (pbk. : alk. paper) | ||
| 020 | _a0073385158 | ||
| 040 |
_aDLC _cDLC _dDLC |
||
| 041 | _aeng | ||
| 080 | _a808.51 | ||
| 082 | 0 | 0 |
_a808.51 LUC _222 |
| 100 | 1 | _a39 | |
| 101 | _aMED | ||
| 245 | 1 | 4 |
_aThe art of public speaking / _cStephen E. Lucas. |
| 504 | _aIncludes bibliographical references and index. | ||
| 906 |
_a7 _brix _corignew _d1 _eecip _f20 _gy-gencatlg |
||
| 942 |
_2ddc _cBK |
||
| 999 |
_c44390 _d44390 |
||